000 00440nam a2200169Ia 4500
008 230524s9999 xx 000 0 und d
082 _a621.317
_bPAL
100 _aMichael Palmer
245 0 _aDesigning and Implementing Local & Wide Area Networks
250 _a1ST
260 _aSINGAPORE
_bThomson
_c2005
300 _aXI;427
500 _aQuantity Number: 2
650 _aComp-Sc
700 _a Robert Bruce Sinelair
942 _cBK
999 _c31379
_d31379